|
|
|
|
| LEADER |
00000nta a2200000 i 4500 |
| 001 |
dolg43675 |
| 005 |
20230323152808.0 |
| 008 |
230323suuuu hu o 000 hun d |
| 040 |
|
|
|a BGE Dolgozattár Repozitórium
|b hun
|
| 041 |
|
|
|a hu
|
| 100 |
1 |
|
|a Szőcs Dorottya
|
| 245 |
1 |
2 |
|a A Vágyaim.hu szexshop piaci helyzete és marketing vonatkozásai
|c Szőcs Dorottya
|h [elektronikus dokumentum]
|
| 516 |
|
|
|a Students_Scientific_Association_paper
|
| 520 |
3 |
|
|a Számomra sok érdekességet rejt ezen téma feldolgozása. Egy diákszervezet által rendezett kerekasztal beszélgetés keretein belül találkoztam a szex edukáció téma boncolgatásával. Az előadás hallgatása során fogalmazódott meg bennem, hogy erről a témakörről szeretném írni a dolgozatomat. Fontos kérdésnek tartom a mai társadalomba a szexshopba betérő emberek megítélését és izgalmas téma a felnőtt szexuális segédeszközt árusító üzletek hirdetési szabályozásai ez által lehetőségeinek vizsgálata. Dolgozatom megírása során szeretném ezeket az aspektusait a szexualitás témájának feltárni. Fontos tisztázni a szexualitás szó értelmezését, ugyanis a törvényi szabályozások a hirdetések megjelenítését ehhez a szóhoz kötik. A vizsgálataim során szeretném feltárni a Vágyaim.hu üzlet gazdasági és piaci elhelyezkedését, illetve marketingmegjelenéseik részletes ismertetését. Magyarországon még nem annyira elterjedt a szexuális edukáció, illetve ezen üzletek vásárlásainak normalizálódása. Külföldön sokkal könnyedebben kezelik az emberek ezt a témát, mindezzel szemben hazánkban félnek ezen üzletek látogatásától. Nyilvánvalóan ennek a félelemnek egy társadalmi nyomás és elvárás által meghatározott érzése van, de ezt a mai világban úgy gondolom, hogy nem így kellene kezelni, változtatni kellene az embereknek ezen a gondolkodáson. Mindemellett a fiatalok körében kellően felkapott ezen termékek választéka. A saját baráti körömet látva és hallva, nincsenek elzárkózva a vásárlástól, illetve a termékek használatától. Legyen szó a legegyszerűbb társasjátéktól melynek szexuális vonatkozása van, a nehezebben elfogadott szexuális segédeszközökön át. A marketing szempontjából, fontosnak tartom vizsgálni az adott szegmens megjelenéseit, hirdetési lehetőségeit és ezeknek a hatásait a fogyasztókra. A mai rohanó világ teljesen átformálta a társadalmat, mely által sokkal nyitottabbak lettünk és vágyunk a megismerés tényére. Nyilvánvalóan a nemek közötti érdeklődés vágya is megosztó, a figyelmük különböző kategóriákat érint. Azt is fontosnak tartom, hogy ezen generációk érzelmi viszonyulásait és vásárlási sajátosságait megismerhessem.
|
| 695 |
|
|
|a piacelemzés
|
| 695 |
|
|
|a vállalati marketing stratégiák
|
| 700 |
1 |
|
|a Oravecz Titanilla Éva
|e ths
|
| 856 |
4 |
0 |
|u http://dolgozattar.uni-bge.hu/43675/1/Szocs_Dorottya_TDK_v2.pdf
|z Dokumentum-elérés
|
| 856 |
4 |
0 |
|u http://dolgozattar.uni-bge.hu/43675/2/Szocs_Dorottya_KKK_rezume.pdf
|z Dokumentum-elérés
|
| 856 |
4 |
0 |
|u http://dolgozattar.uni-bge.hu/43675/3/Sz%C5%91cs%20Dorottya_b%C3%ADr%C3%A1lat%20%281%29.pdf
|z Dokumentum-elérés
|
| 856 |
4 |
0 |
|u http://dolgozattar.uni-bge.hu/43675/4/SzocsDorottya.Dolgozat_biralati_lap_2022.pdf
|z Dokumentum-elérés
|